000 01124nam a22002777a 4500
005 20101224150352.0
008 101224t xxu||||| |||| 00| 0 mar d
010 _aMAR-20485
020 _c80.00
035 _aMR-13143
037 _bDBAD / PUB
040 _aDPL
_bMR
082 _a362.28
100 _aपरूळेकर,आशा
_925101
245 _aआत्महत्या का घडतात /
_cआशा परूळेकर
246 _bAtamhatya Ka Ghadatat
_aby Asha Parulekar
260 _aपुणे
_bउन्मेष प्रकाशन
_c2010
270 _aसी -विंग,चंद्रनील अपार्टमेंट्स,सिंहगड रोड,
_bपुणे
300 _a82पृ
_c21सेमी (अजिल्द)
650 _925127
650 _925128
700 _925102
700 _925121
942 _2ddc
_cMR
_mपरूळे
_h362.28
999 _c49640
_d49640